000 01174cam a2200361 i 4500
999 _c200440468
_d58680
001 200440468
003 TR-AnTOB
005 20250620074106.0
007 ta
008 210420s2020 tu a||| ||| 000 0 tur d
020 _a9786052097410
040 _aTR-AnTOB
_beng
_erda
_cTR-AnTOB
041 0 _atur
050 1 4 _aPL248.K39322
099 _aTLT EASY YUN L1 YIL 2019
100 1 _aKazan, Emine A.
_eauthor
_9129946
245 1 0 _aAnadolu hikayeleri :
_byılkı /
_c[Emine A. Kazan] ; editör Prof. Dr. Yavuz Kartallıoğlu.
246 3 0 _aAnadolu hikayeleri I.
250 _a2. baskı: Kasım 2019
264 1 _aAnkara:
_bYunus Emre Enstitüsü,
_c2019.
264 4 _c©2019
300 _a24, [16] pages :
_billustrations ;
_c21 cm
336 _2rdacontent
_atext
_btxt
337 _2rdamedia
_aunmediated
_bn
338 _2rdacarrier
_avolume
_bnc
650 7 _aKısa hikayeler, Türk
_2etuturkob
_948475
650 7 _aHalkbilim
_zTürkiye
_913629
650 7 _aTürk dili
_925677
_2etuturkob
_vOkuma kitapları
653 _aTürk dili--Basit okuma kitapları
700 1 _aKartallıoğlu, Yavuz
_eeditor
_9102492
942 _2lcc
_cBBK